XI Roku 2010 wg. Tygodnika "Piłka Nożna" (Europa) - Statystyki

Ogólne statystyki
  • Ten quiz został rozwiązany 244 razy
  • Średni wynik to 10 z 11
Statystyki odpowiedzi
Pozycja Kraj Klub Zawodnik % Poprawnych
BR Hiszpania Real Madryt Iker Casillas
97%
LP/ŚP Hiszpania Barcelona Andres Iniesta
96%
PS Holandia Bayern Arjen Robben
95%
ŚP Hiszpania Barcelona Xavi Hernandez
95%
ŚO Hiszpania Barcelona Gerard Pique
94%
PO Niemcy Bayern Philipp Lahm
94%
ŚO Hiszpania Barcelona Carles Puyol
93%
LO Walia Tottenham Gareth Bale
90%
ŚN Hiszpania Valencia / Barcelona David Villa
85%
ŚN Niemcy Bayern Thomas Muller
77%
ŚPO Holandia Inter Wesley Sneijder
70%
Nie znaleziono quizów pasujących do podanych kryteriów
Rozkład punktacji
Procent ludzi z każdym wynikiem
Percentyl według liczby udzielonych odpowiedzi
Twoja historia wyników
Nie rozwiązałeś tego quizu